Service of Thanksgiving to mark the centenary of the granting of a Royal Charter to the Royal Institution of Chartered Surveyors Wednesday 26 August 1981 6pm (Record no. 121146)

MARC details
000 -LEADER
fixed length control field 00926nam a22001937a 4500
001 - CONTROL NUMBER
control field K121146
008 - FIXED-LENGTH DATA ELEMENTS--GENERAL INFORMATION
fixed length control field 160218b1981 xxu||||| |||| 00| 0 eng d
041 ## - LANGUAGE CODE
Language code of text/sound track or separate title eng
110 ## - MAIN ENTRY--CORPORATE NAME
Corporate author Royal Institution of Chartered Surveyors
245 ## - TITLE STATEMENT
Title Service of Thanksgiving to mark the centenary of the granting of a Royal Charter to the Royal Institution of Chartered Surveyors Wednesday 26 August 1981 6pm
260 ## - PUBLICATION INFORMATION
Place of publication London
Date 1981
300 ## - PHYSICAL DESCRIPTION
Physical description 2 pamplets in an envelope
520 ## - ABSTRACT
Abstract The order of service for a Service of Thanksgiving to mark the centenary of the granting of a Royal Charter to the Royal Institution of Chartered Surveyors Wednesday 26 August 1981 6pm. Also a choir sheet as used by the conductor Clifford Dann leader of the RICS Singers which includes the sheet music used.
650 ## - KEYWORDS
Keywords RICS HISTORY
650 ## - KEYWORDS
Keywords ROYAL CHARTER
651 ## - SUBJECT ADDED ENTRY--GEOGRAPHIC NAME
Geographic name United Kingdom 1973
690 ## - BROAD SUBJECT
9 (RLIN) 6277
Broad subject RICS
942 ## - ADDED ENTRY ELEMENTS (KOHA)
Suppress in OPAC Do not suppress in OPAC
Holdings
Lost status Damaged status Not for loan Home library Current library Shelving location Date acquired Total Checkouts Full call number Date last seen Price effective from Koha item type
      Archives Archives Archive copy 23/10/2019   RICS 1981/100 23/10/2019 23/10/2019 Book